000 01250nam a2200349 a 4500
001 ebr10479741
003 CaPaEBR
006 m u
007 cr cn|||||||||
008 041227s2004 enk sb 001 0 eng d
010 _z 2004276476
020 _z0745320562 (hbk.)
020 _z0745320554 (pbk.)
020 _z9780745320564
020 _z9781849641951 (e-book)
040 _aCaPaEBR
_cCaPaEBR
035 _a(OCoLC)244440857
043 _aaw-----
_aa-is---
050 1 4 _aDS149
_b.R583 2004eb
082 0 4 _a320.54/095694
_222
100 1 _aRose, John.
245 1 4 _aThe myths of Zionism
_h[electronic resource] /
_cJohn Rose.
260 _aLondon ;
_aAnn Arbor, Mich. :
_bPluto Press,
_c2004.
300 _aix, 232 p.
504 _aIncludes bibliographical references and index.
533 _aElectronic reproduction.
_bPalo Alto, Calif. :
_cebrary,
_d2013.
_nAvailable via World Wide Web.
_nAccess may be limited to ebrary affiliated libraries.
650 0 _aZionism
_xHistory.
650 0 _aArab-Israeli conflict.
655 7 _aElectronic books.
_2local
710 2 _aebrary, Inc.
856 4 0 _uhttp://site.ebrary.com/lib/rucke/Doc?id=10479741
_zAn electronic book accessible through the World Wide Web; click to view
999 _c117666
_d117666